Los miserables
El expresidiario Jean Valjean (Hugh Jackman) es perseguido durante décadas por el despiadado policía Javert (Russell Crowe). Cuando Valjean decide hacerse cargo de Cosette, la pequeña hija de Fantine (Anne Hathaway), sus vidas cambiarán para siempre. Adaptación cinematográfica del famoso musical ...
Guardado en:
| Autor Principal: | |
|---|---|
| Autor Corporativo: | |
| Otros Autores: | , , , , , |
| Formato: | |
| Idioma: | Undetermined |
| Publicado: |
Reino Unido :
Universal Pictures,
2012.
|
| Materias: | |
| Etiquetas: |
Agregar Etiqueta
Sin Etiquetas, Sea el primero en etiquetar este registro!
|
| LEADER | 01500ngm a22003015a 4500 | ||
|---|---|---|---|
| 001 | CEM.cems020757 | ||
| 008 | 231213s2012####xx#---############vlund#d | ||
| 005 | 20231213191650.0 | ||
| 245 | 1 | 0 | |a Los miserables |h [videograbación] / |c Tom Hooper. |
| 260 | |a Reino Unido : |b Universal Pictures, |c 2012. | ||
| 300 | |a 152'. | ||
| 520 | |a El expresidiario Jean Valjean (Hugh Jackman) es perseguido durante décadas por el despiadado policía Javert (Russell Crowe). Cuando Valjean decide hacerse cargo de Cosette, la pequeña hija de Fantine (Anne Hathaway), sus vidas cambiarán para siempre. Adaptación cinematográfica del famoso musical 'Les miserables' de Claude-Michel Schönberg y Alain Boublil, basado a su vez en la novela homónima de Victor Hugo. | ||
| 538 | |a Soporte: DVD -- Formato: AVI Peso: 1.36 gb -- Resolución: 640 x 352 -- 23.98fps | ||
| 500 | |a Título original: Les Misérables Idioma: Inglés Subtítulos: Español. | ||
| 590 | |a Identificación anterior: 331 | ||
| 100 | 1 | |a Hooper, Tom. | |
| 700 | 1 | |a Bevan, Tim; Producción. | |
| 700 | 1 | |a Hugo, Victor; Autor. | |
| 700 | 1 | |a Schönberg, Claude-Michel; Musical. | |
| 700 | 1 | |a Schönberg, Claude-Michel; Musical. | |
| 700 | 1 | |a Jackman, Hugh; Reparto. | |
| 700 | 1 | |a Hathaway, Anne; Reparto. | |
| 700 | 1 | |a Crowe, Russell; Reparto. | |
| 710 | 2 | |a Working Title Films. | |
| 653 | |a LARGOMETRAJE | ||
| 653 | |a FICCIÓN | ||
| 653 | |a MUSICAL | ||
| 859 | |a CEMS |b BIB. CEMS - Depto. Recursos Didacticos |h 778.5 |i HOO-2 |k DRD |p 3270.23 |t Ej.1 | ||
